| 000 | 00892cam a2200265 4500 | ||
|---|---|---|---|
| 008 | 000000n1999 000 0 eng u | ||
| 020 | _a2884320210 | ||
| 035 | _a(Sirsi) u109335 | ||
| 050 | _a624.08 | ||
| 110 |
_aFederation Internationale des Ingenieurs-Conseils _9764 |
||
| 245 | _aConditions of contract for EPC/turnkey projects. | ||
| 250 | _a1st ed | ||
| 260 |
_aLausanne _bFIDIC _c1999 |
||
| 300 | _a(117)p. ; 30cm. | ||
| 350 | _a25.00 | ||
| 520 | _aSuperseded by 2 ed 9782884320832 | ||
| 650 | _aENGINEERING CONTRACTS | ||
| 650 | _aTURNKEY CONTRACTS | ||
| 650 | _aEPC CONTRACTS | ||
| 650 | _aSILVER BOOK | ||
| 650 | _aINTERNATIONAL CONTRACTS | ||
| 650 | _aBUILT ENVIRONMENT-BUILDING CONTRACT FORMS-STANDARD FORMS OF BUILDING CONTRACT-INTERNATIONAL FEDERATION OF CONSULTING ENGINEERS CONTRACTS | ||
| 690 | _aBUILT ENVIRONMENT-BUILDING CONTRACT FORMS | ||
| 942 | _n0 | ||
| 999 |
_c100925 _d100925 |
||